| 000 | 05950 a2200445 4500 | ||
|---|---|---|---|
| 005 | 20090609101457.0 | ||
| 008 | 090609t xxu||||| |||| 00| 0 hin d | ||
| 010 | _aB-299106-125 | ||
| 020 |
_c200.00 _a8190386905 |
||
| 035 | _aB-299106-125 | ||
| 040 |
_adpl _bhin |
||
| 082 | _2303.485 | ||
| 100 | _aगौतम, विवेक | ||
| 245 |
_aमानव जीवन और प्राकृतिक आपदाएँ / _cविवेक गौतम |
||
| 260 |
_aदिल्ली _bप्रीति प्रकाशन _c2007 |
||
| 270 |
_aई-11/5,कृष्ण नगर _bदिल्ली _e110051 _cदिल्ली |
||
| 300 |
_a159पृ _c22 सेमी (सजिल्द) |
||
| 942 |
_adpl _cHN _k303.485 _2ddc _mगौतम _h303.485 |
||
| 999 |
_c12388 _d12388 |
||